[Event "23nd Wasselonne Open 2018"]
[Site "Wasselonne"]
[Date "2018.08.04"]
[Round "5"]
[White "Boes, Julian"]
[Black "Kurayan, Ruslan"]
[Result "0-1"]
[WhiteElo "2084"]
[BlackElo "2386"]
[Annotator "TA"]
[PlyCount "84"]
[EventDate "2018.08.02"]
[EventType "swiss"]
[EventCountry "FRA"]
[SourceTitle "playchess.com"]
[Source "ChessBase"]
[SourceQuality "1"]

{[%evp 9,84,-11,-13,-12,-2,-16,6,0,43,45,44,37,50,54,49,39,35,62,59,21,76,80,80,62,61,71,83,48,37,0,0,0,0,0,0,0,0,0,0,0,0,0,0,-109,-104,-495,0,-4055,-3606,-29983,-29984,-29984,-29985,-29985,-29986,-29982,-29980,-29979,-29980,-29980,-29981,-29973,-29974,-29974,-29975,-29975,-29976,-29975,-29976,-29976,-29977,-29977,-29977,-29978,-29977,-29978,-29979]} 1. e4 c5 2. b3 d6 3. Bb2 Nf6 4. Bb5+ Nbd7 5. d3 a6 (5... g6 6. Bxd7+ Bxd7 7. Nc3 Bc6 8. Nd5 Bxd5 9. exd5 Qa5+ 10. Qd2 Qxd2+ 11. Kxd2 Bh6+ 12. Kd1 Bg7 {½-½ (23) Paichadze,L (2543)-Hovhannisyan,R (2592) Tbilisi 2014}) 6. Bxd7+ {B20: Sicilian: Unusual White 2nd moves} Bxd7 7. Ne2 h5 $146 ({Predecessor:} 7... e6 8. Nd2 Be7 9. O-O Bc6 10. f4 Qd7 11. Nc4 Qc7 12. Qe1 b6 {1-0 (38) Zivkovic,V (2145)-Dengler,D (2115) Kladovo 1991}) 8. Nd2 {The position is equal.} e5 9. h3 g5 10. Nc4 Qc7 11. Ne3 O-O-O 12. c4 g4 13. h4 Bh6 14. Ng3 Be6 (14... Qa5+ $11 15. Ke2 Kc7) 15. Bc3 $16 Ng8 16. a3 Ne7 17. b4 Rdf8 18. Rb1 (18. O-O {is more complex.} Bxe3 19. fxe3 f6 20. Rb1 Rf7 21. b5) 18... f5 {Strongly threatening ...f4.} 19. exf5 Bxe3 20. fxe3 {[%cal Bf2e3,Be3e4][%mdl 32]} Nxf5 21. Nxf5 Rxf5 22. e4 $1 {[%cal Re4f5]} Rf7 {aiming for ...g3.} 23. Bd2 $1 g3 24. Be3 Bg4 25. Qa4 Rhf8 26. b5 (26. Kd2 $11) 26... Qb6 $36 {[%mdl 2048] Hoping for ...Rf2! Black is in control.} 27. Rb3 $2 {[%mdl 8192] [#]} (27. Rb2 $17 {is more resistant.}) 27... a5 $2 ({Black should try} 27... Rf2 $1 $19 {[%cal Rf2g2][%mdl 512]} 28. Bxf2 gxf2+ 29. Kf1 Bd1 30. bxa6 Bxb3) 28. Bd2 $2 {[%mdl 8192]} (28. Rb2 $11) 28... Qd8 $19 {( -> ...Rf1+!)} 29. Bg5 {[#]} Rf1+ $1 {[%mdl 512] Black mates.} 30. Rxf1 Rxf1+ 31. Kd2 Qf8 32. Be3 {[#]} Rf2+ $1 {[%mdl 512]} 33. Bxf2 Qxf2+ {[%mdl 4096] Endgame KQR-KQB} 34. Kc1 Qf1+ 35. Kb2 Qxg2+ 36. Ka1 b6 37. Rb1 Qf2 38. Qb3 g2 39. Qb2 g1=Q 40. Rxg1 Qxg1+ 41. Ka2 Qe1 42. Qg2 Qe2+ {Precision: White = 51%, Black = 72%.} 0-1